|
|
|
|
| LEADER |
00000nab a2200000 a 4500 |
| 001 |
vtls000209035 |
| 003 |
SK-MaSNL |
| 005 |
20260304061120.0 |
| 008 |
250422c1985 xo 0 slo |
| 015 |
|
|
|a SNBRB19rr/mm-uuuuu
|
| 035 |
|
|
|a CL0219148
|
| 035 |
|
|
|a urn:nbn:sk:snk-abantg
|
| 035 |
|
|
|a (urnnbn)urn:nbn:sk:snk:ar-a0an06
|
| 035 |
|
|
|a (uuid)17fc8a9f-d005-49ad-83f4-f85bfb40f145
|
| 040 |
|
|
|a SNKBUCL
|b slo
|c SNKBUCL
|e AACR2
|
| 041 |
0 |
|
|a cze
|
| 044 |
|
|
|a xo
|c SK
|
| 080 |
|
|
|a 621.385.832:617.7-001.15
|2 1981
|
| 080 |
|
|
|a 617.7-001.15
|2 1981
|
| 100 |
1 |
|
|a Khek, Jiří
|4 aut
|9 1345209
|
| 245 |
1 |
0 |
|a Řešení vizuální situace na pracovištích s obrazovými displeji
|c Jiří Khek
|
| 300 |
|
|
|b Res. rus., angl., lit. 8 zázn. v češ., nem., angl.
|
| 650 |
0 |
7 |
|a displeje obrazové
|2 snkbucl
|9 1318980
|
| 650 |
0 |
7 |
|a pracoviská administratívne
|2 snkbucl
|9 967252
|
| 650 |
0 |
7 |
|a operátori
|2 snkbucl
|9 964378
|
| 655 |
|
7 |
|a články z novín a časopisov
|2 snkbucl
|9 267496
|
| 773 |
0 |
|
|t Bezpečná práca
|g Roč. 16, č. 1 (1985), s. 11-13
|
| 850 |
|
|
|a Slovenská národná knižnica
|
| 852 |
|
|
|a Slovenská národná knižnica
|
| 954 |
|
|
|a odborná, vedecká literatúra cudzojazyčná (svetová)
|2 lita
|
| 958 |
|
|
|a article14
|
| 958 |
|
|
|a OND
|
| 958 |
|
|
|a NB
|
| 958 |
|
|
|a RK
|
| 958 |
|
|
|a MI
|
| 958 |
|
|
|a EUIPO
|
| 992 |
|
|
|a RBX
|
| 999 |
|
|
|c 2731464
|d 2733394
|